000 00303nam a22001337a 4500
008 170524b xxu||||| |||| 00| 0 eng d
020 _a9780070568358
041 _aeng
080 _a62
100 _a26
101 _aIM
245 _aVECTOR MECHANICS FOR ENGINEERS
_cSHELLEY.J.F
942 _2udc
_cBK
999 _c13974
_d13974